Diccionario de la lengua española : (Registro nro. 222)
[ vista simple ]
| 000 -Cabecera | |
|---|---|
| Campo de control interno | 00910nam a2200241Ia 4500 |
| 005 - Fecha y hora del registro | |
| control field | 20251203123019.0 |
| 008 - Elementos de Longitud Fija | |
| fixed length control field | 251203t2002||||xx |||||||||||||| ||spa|| |
| 020 ## - ISBN | |
| ISBN | 8467000392 |
| 041 ## - Idioma | |
| Codigo Idioma | ESP |
| 082 ## - DEWEY y NOTACIÓN INTERNA | |
| Dewey | RD 460 |
| Notación Interna | R31 |
| 110 ## - AUTOR INSTTITUCIONAL | |
| Autor Institucional | Real Academia Española |
| 245 #0 - TÍTULO DE MATERIAL BIBLIOGRÁFICO | |
| Título | Diccionario de la lengua española : |
| Título paralelo | Tomos 1-10 |
| 250 ## - EDICIÓN | |
| Edición | Vigésima segunda edición |
| 260 ## - CIUDAD, EDITORIAL, AÑO | |
| Ciudad | [Madrid] : |
| Nombre de la Editorial | Real Academia Española |
| Año | 2002 |
| 300 ## - DESCRIPCIÓN | |
| N° Páginas | 1614 páginas : |
| Otros detalles | |
| Dimensiones | 27 cm. |
| Material Adicional | |
| 440 ## - MENCIÓN DE SERIE | |
| Título de la Serie | |
| Número de Serie | |
| Volumen de Serie | |
| 505 ## - TABLA DE CONTENIDO | |
| Tabla de Contenido | Contiene: Tomo 1: a-apelación; Tomo 2: apelado-canjura; Tomo 3: canjuro-coscarrón; Tomo 4: coscarse-engaratusar; Tomo 5: engarbado-grimorio; Tomo 6: grimoso-lulú; Tomo 7: luma-ozonósfera; Tomo 8: p-quisco; Tomo 9: quiscudo-tamborete; Tomo 10: tamboril-zuzón/Apéndice |
| 650 ## - TEMAS | |
| Temas | Lenguas |
| 653 ## - DESCRIPTORES | |
| Lenguajes no controlado | Lengua española - Diccionario |
| 654 ## - PROGRAMAS | |
| Programa | Todos los programas |
| 942 ## - ELEMENTOS DE KOHA | |
| Tipo de documento | Diccionario |
| Nombre del creador | Justo Noguera |
| Código de catalogador | Tania Ramirez |
| Esquema de clasificación | Dewey Decimal Classification |
| Suppress in OPAC | |
| Codigo completo | Registro | Colección | Copia número | Disponibilidad | Tipo de préstamo | Biblioteca Actual | Procedencia (Biblioteca) | Ubicacón | Fecha Ingreso | Tipo de Adquisición | Date last seen | Total checkouts | Price effective from | Tipo de Item | Estado del Material | Fuente de Clasificación | Damaged status | Withdrawn status |
|---|---|---|---|---|---|---|---|---|---|---|---|---|---|---|---|---|---|---|
| RD 460 R31 | 1085093 | Colección Vera Bejar | 1 | Restringido | Víctor Andrés Belaunde | Víctor Andrés Belaunde | Planta baja cerrada | 03/12/2025 | Donación | 03/12/2025 | 03/12/2025 | Diccionario | Bueno | Dewey Decimal Classification | Withdrawn |




